Insurance Law

Detalles Bibliográficos
Autor principal: Boivin, Denis
Formato: eBook
Lenguaje:inglés
Publicado: Toronto: Irwin Law Inc., 2004
Materias:
Acceso en línea:Acceso restringido

MARC

LEADER 00000nam a22000007a 4500
005 20210902223956.0
007 cr|||| ||||
008 210902s2004 ca |||||s|||| 00||0 eng d
020 |a 9781552212691 
035 |a 35342 
040 |a vLex 
090 |c 12220  |d 12220 
100 1 |a Boivin, Denis 
245 1 0 |a Insurance Law  |h [Recurso electrn̤ico] /  |c Denis Boivin 
256 |a Servicio en ln̕ea 
260 |a Toronto:  |b Irwin Law Inc.,  |c 2004 
300 |a 1 recurso electrn̤ico 
506 1 |a Disponible solo en los productos indicados  |d vLex Global  |d vLex Global (Academic Edition, excluding Law Schools)  |d vLex Global (U.S. Academic Edition, Law Schools)  |d vLex Global (U.S. Academic Edition, excluding Law Schools)  |d vLex Global (Academic Edition, Law Schools) 
650 0 4 |a Economa̕ y negocios  |z Canad̀ 
740 0 |a vLex Libros (Servicio en ln̕ea) 
856 4 0 |u https://app.vlex.com/#/sources/35342  |z Acceso restringido 
942 |c BOOK 
999 0 |a Economy and business